WiMAX adoption among working adults in Klang Valley /
محفوظ في:
| المؤلف الرئيسي: | |
|---|---|
| التنسيق: | أطروحة كتاب |
| اللغة: | English |
| منشور في: |
2012.
|
| الموضوعات: | |
| الوصول للمادة أونلاين: | http://studentsrepo.um.edu.my/id/eprint/3424 |
| الوسوم: |
إضافة وسم
لا توجد وسوم, كن أول من يضع وسما على هذه التسجيلة!
|
| LEADER | 01423cam a2200337 a 4500 | ||
|---|---|---|---|
| 001 | u855347 | ||
| 003 | SIRSI | ||
| 005 | 201204201633 | ||
| 008 | 120420s2012 my a t 000 0 eng m | ||
| 040 | |a UMM |d UMK | ||
| 043 | |a a-my-wp | ||
| 090 | |a HF1008 |b UM 2012 Ng | ||
| 098 | |a HF1008 |b UM 2012 Ng | ||
| 100 | 1 | |a Ng, Chin Kok. | |
| 245 | 1 | 0 | |a WiMAX adoption among working adults in Klang Valley / |c Ng Chin Kok. |
| 260 | |c 2012. | ||
| 300 | |a [2] v, 84 leaves : |b ill. ; |c 30 cm. | ||
| 502 | |a Dissertation (M.B.A.) -- Fakulti Perniagaan dan Perakaunan, Universiti Malaya, 2012. | ||
| 504 | |a Bibliography: leaves 62-65. | ||
| 530 | |a Also issued in CD. | ||
| 650 | 0 | |a Wireless metropolitan area networks |z Kuala Lumpur (W.P.). | |
| 650 | 0 | |a Diffusion of innovations |z Kuala Lumpur (W.P.). | |
| 650 | 0 | |a Technological innovations |z Kuala Lumpur (W.P.). | |
| 650 | 0 | |a Internet users |z Kuala Lumpur (W.P.) | |
| 710 | 2 | |a Universiti Malaya. |b Fakulti Perniagaan dan Perakaunan. | |
| 856 | 4 | 1 | |u http://studentsrepo.um.edu.my/id/eprint/3424 |
| 900 | |a NHS-ZA | ||
| 596 | |a 1 19 25 | ||
| 999 | |a HF1008 UM 2012 NG |w LC |c 1 |i A515067550 |d 1/10/2014 |e 1/10/2014 |f 28/11/2012 |g 1 |l STACKS |m P01UTAMA |n 11 |r Y |s Y |t TESIS |u 28/11/2012 | ||
| 999 | |a HF1008 UM 2012 NG |w LC |c 1 |i A515067529 |d 28/11/2012 |f 28/11/2012 |g 1 |l STACKS |m P19KOTA |r Y |s Y |t TESIS |u 28/11/2012 | ||
| 999 | |a HF1008 UM 2012 NG |w LC |c 1 |i A515067665 |l STACKS |m P25UMARCHI |r Y |s Y |t CD |u 25/6/2015 |1 AHSS | ||
